00510nam a22001337a 4500003000500000082000800005100001800013245014800031264003700179300003100216650003600247700003600283856005700319NUST a621 a AZIZ ,MUBEEN aInvestigation of change in strength of Double Cantilever Beam Adhesive Joints under Mode I failure by addition of Cork Particles /cMUBEEN AZIZ aIslamabad: bSMME- NUST. c2021. a44p. ;bSoft Copy, c30cm. aMS Mechanical Engineering  aSupervisor : Dr. Aamir Mubashar uhttp://10.250.8.41:8080/xmlui/handle/123456789/23957